البنك الاهلي المصري : | النشرة الاقتصادية (رقم التسجيلة. 140667)
[ عرض عادي ]
| 000 -LEADER | |
|---|---|
| fixed length control field | 01312nas a2200325 a 4500 |
| 003 - CONTROL NUMBER IDENTIFIER | |
| control field | EG-GICUC |
| 008 - FIXED-LENGTH DATA ELEMENTS--GENERAL INFORMATION | |
| fixed length control field | 150930c19479999ua r p 000 0ara d |
| 040 ## - CATALOGING SOURCE | |
| Original cataloging agency | EG-GiCUC |
| Language of cataloging | ara |
| Transcribing agency | EG-GiCUC |
| 043 ## - GEOGRAPHIC AREA CODE | |
| Geographic area code | f-ua--- |
| 092 04 - LOCALLY ASSIGNED DEWEY CALL NUMBER (OCLC) | |
| Classification number | 332.122305 |
| Item number | B2181 |
| Edition number | 21 |
| 099 ## - LOCAL FREE-TEXT CALL NUMBER (OCLC) | |
| Classification number | 04 |
| -- | 332.122305 B2181 |
| 222 #0 - KEY TITLE | |
| Key title | البنك الاهلي المصري |
| 245 00 - TITLE STATEMENT | |
| Title | البنك الاهلي المصري : |
| Remainder of title | النشرة الاقتصادية/ |
| Statement of responsibility, etc. | ادارة البحوث بالبنك |
| 245 10 - TITLE STATEMENT | |
| Title | النشرة الاقتصادية |
| 260 ## - PUBLICATION, DISTRIBUTION, ETC. | |
| Place of publication, distribution, etc. | القاهرة: |
| Name of publisher, distributor, etc. | ادارة البحوث، |
| Date of publication, distribution, etc. | 1947 - |
| 300 ## - PHYSICAL DESCRIPTION | |
| Extent | مج : |
| Other physical details | ايض؛ |
| Dimensions | 27سم |
| 362 0# - DATES OF PUBLICATION AND/OR SEQUENTIAL DESIGNATION | |
| Dates of publication and/or sequential designation | 1947 |
| 336 ## - CONTENT TYPE | |
| Content type term | text |
| Source | rda content |
| 337 ## - MEDIA TYPE | |
| Media type term | Unmediated |
| Source | rdamedia |
| 338 ## - CARRIER TYPE | |
| Carrier type term | volume |
| Source | rdacarrier |
| 500 ## - GENERAL NOTE | |
| General note | النشرة الاقتصاديه تصدرها ادارة البحوث باللغتين العربية والانجليزية |
| 590 ## - LOCAL NOTE (RLIN) | |
| Local note | محتويات المكتبة من اعداد الدورية |
| 610 17 - SUBJECT ADDED ENTRY--CORPORATE NAME | |
| Corporate name or jurisdiction name as entry element | البنك الاهلى المصرى |
| Form subdivision | دورياتqrmak |
| 710 2# - ADDED ENTRY--CORPORATE NAME | |
| Corporate name or jurisdiction name as entry element | مصر (البنك الاهلي المصري) |
| 905 ## - LOCAL DATA ELEMENT E, LDE (RLIN) | |
| Cataloger | عبير |
| Reviser | مدخل |
| 905 ## - LOCAL DATA ELEMENT E, LDE (RLIN) | |
| Reviser | مراجع |
| 942 ## - ADDED ENTRY ELEMENTS (KOHA) | |
| Source of classification or shelving scheme | Dewey Decimal Classification |
| Koha item type | Continuing Resources |
| Suppress in OPAC | No |
| Source of classification or shelving scheme | Not for loan | Home library | Current library | Date acquired | Full call number | Date last seen | Koha item type |
|---|---|---|---|---|---|---|---|
| Dewey Decimal Classification | المكتبة المركزبة الجديدة - جامعة القاهرة | قاعة الصحف والدوريات - الدور الثالث | 11.02.2024 | 332.122305 B2181 M.K | 23.09.2023 | Continuing Resources |